[Event "Khanty-Mansiysk FIDE GP"]
[Site "Khanty-Mansiysk"]
[Date "2015.05.15"]
[Round "2"]
[White "Tomashevsky, Evgeny"]
[Black "Grischuk, Alexander"]
[Result "1/2-1/2"]
[WhiteElo "2749"]
[BlackElo "2780"]
[Annotator "Gormally,D"]
[PlyCount "147"]
[EventDate "2015.05.14"]
[EventType "tourn"]
[EventRounds "11"]
[EventCountry "RUS"]
[EventCategory "21"]
[SourceTitle "CBM 167"]
[Source "ChessBase"]
[SourceDate "2015.07.13"]
[SourceVersion "1"]
[SourceVersionDate "2015.07.13"]
[SourceQuality "1"]

1. d4 {[%emt 0:00:34]} Nf6 {[%emt 0:00:37]} 2. c4 {[%emt 0:00:38]} g6 {[%emt 0:
00:36]} 3. Nc3 {[%emt 0:00:38]} Bg7 {[%emt 0:00:36]} 4. e4 {[%emt 0:00:40]} d6
{[%emt 0:00:34]} 5. Nf3 {[%emt 0:00:52]} O-O {[%emt 0:00:37]} 6. h3 {[%emt 0:
00:35] This is what they are all playing now of course. One of the ideas is
that White can toy with playing g4, which can discourage Black's normal plan
in the King's Indian of playing ...f5. It's also a useful waiting move. White
waits to see how Black plays before committing himself.} e5 {[%emt 0:00:35]} 7.
d5 {[%emt 0:00:37]} Nh5 {[%emt 0:00:37]} (7... a5 {is perhaps Black's most
popular choice.} 8. g4 Na6 9. Be3 Nd7 10. a3 c6 11. Rg1 Rb8 12. Nd2 Ndc5 13.
Rb1 Nd7 14. Qf3 Ndc5 15. Qd1 Ra8 16. Rg3 Kh8 17. b4 axb4 18. axb4 Nd7 19. Ra1 {
Tomashevsky,E (2716)-Grischuk,A (2810) Tbilisi 2015 and White went on to win.
So Grischuk decides to change tack.}) 8. g3 {[%emt 0:00:41]} Qe7 {[%emt 0:00:
41] This is very rare. Wary perhaps of what "the professor" Tomashevsky has
cooked up his study, Grischuk decides to take the game down more unusual paths.
} ({The combative} 8... f5 {is a speciality of the Chinese player Ding Liren,
and he had a couple of good wins in Wijk aan Zee with it. Play get very sharp
very quickly:} 9. exf5 gxf5 10. Ng5 (10. Nh4 Nf4 11. Bd2 Qe7 12. Qc2 Na6 13. a3
Bd7 14. O-O-O {Tomashevsky,E (2716)-Kasimdzhanov,R (2705) Tbilisi 2015, was
another Toma game, where White also seemed to stand well, with chances on the
kingside and also went on to win}) 10... Qe8 11. c5 Nf6 12. Bb5 Qe7 13. g4 Na6
$1 14. Ne6 Bxe6 15. dxe6 Nxc5 16. g5 $2 (16. gxf5 {is better, although the
position is still a complete mess after} c6 17. Bd3 d5 {where Black has
dangerous threats in the centre based on ...e4 and ...d4 at the right moment,
for example} 18. Rg1 Kh8 $1 (18... e4 $6 19. Bc2 Kh8 20. Be3 $16)) 16... Ne8
17. Nd5 Qxe6 {Aronian,L (2797)-Ding,L (2732) Wijk aan Zee 2015, when Black was
clearly better}) 9. Nh2 {[%emt 0:14:34] If you don't understand any of these
moves, don't worry I don't either! Actually White's last move was a
prophylatic measure directed against Black's plan of ...f5. Now if Black plays
...f5, White simply takes and Black cannot recapture with the pawn as the
knight on h5 will be hanging. The knight goes to h2 because on d2 it would be
clumsy, blocking the development of the bishop on c1, and on h4 it is
vulnerable to ideas like ...Nf4} Na6 {[%emt 0:02:21]} ({My computer remarkably
wants to play} 9... Qe8 {wasting an entire move, which gives you some idea of
what it thinks of ...Qe7.} 10. Be2 Nf6 11. Ng4 $14) 10. Be3 {[%emt 0:06:41]}
Nc5 {[%emt 0:06:04]} 11. h4 $1 {[%emt 0:13:41] White's plan is clear.
Eventually he'll play g4, and then g5 and h5 and force weaknesses on the
kingside.} a5 {[%emt 0:10:57]} (11... f5 12. exf5 Bxf5 13. g4 {is not possible
for Black of course.}) 12. Be2 {[%emt 0:11:59]} Nf6 {[%emt 0:04:17]} 13. Qc2 {
[%emt 0:00:36]} c6 {[%emt 0:07:49]} (13... h5 {slowing down White on the
kingside, could be considered.} 14. f3 $5 (14. Nf3 $2 Nfxe4 $1 (14... Ng4 15.
Bg5 f6 16. Bd2 f5 $1) 15. Nxe4 Nxe4 16. Qxe4 Bf5 17. Bg5 f6 $15) 14... Nh7 15.
O-O-O f5 $1) 14. g4 {[%emt 0:04:43]} Na6 {[%emt 0:39:11]} 15. g5 {[%emt 0:06:
12]} Ne8 {[%emt 0:09:02]} 16. h5 {[%emt 0:09:07]} Nb4 {[%emt 0:04:08]} 17. Qd2
{[%emt 0:03:47]} cxd5 {[%emt 0:00:36]} 18. cxd5 {[%emt 0:02:05]} Bd7 {[%emt 0:
04:41]} 19. O-O-O {[%emt 0:12:49]} f5 {[%emt 0:04:21]} 20. Kb1 {[%emt 0:05:57]}
b5 {[%emt 0:13:50]} 21. hxg6 {[%emt 0:03:14]} hxg6 {[%emt 0:02:30]} 22. f3 {
[%emt 0:06:44]} Nc7 {[%emt 0:01:10]} 23. Rc1 {[%emt 0:04:47]} Nba6 {[%emt 0:01:
44]} 24. Bd3 {[%emt 0:00:55]} b4 {[%emt 0:01:15]} ({White should never fear
the greedy} 24... f4 25. Bb6 Qxg5 $2 {as the loss of time associated with this
pawn, combined with the opening of the g-file can be disastrous for Black.} 26.
Rcg1 ({the simple} 26. Bxa5 {is also good}) 26... Qf6 27. Ng4 Bxg4 28. Rxg4 {
with heavy pressure.}) 25. Ne2 {[%emt 0:00:36]} Nb5 {[%emt 0:00:51]} 26. Rc6 $1
{[%emt 0:03:53] Excellent. Tomashevsky plays this part of the game really well,
only later do his nerves fail him.  This impudent rook can hardly be captured,
but as long as it remains on this square it is a powerful presence deep within
the enemy forces.} Rfb8 {[%emt 0:02:23]} (26... Bxc6 27. dxc6 Nbc7 {and now
White should have several ways of developing a ferocious initiative;} 28. Bc4+
(28. exf5 gxf5 29. f4 {is also interesting, with the idea of Ng3 piling
pressure on the f5 weakling} ({or} 29. Qc2 {also taking advantage of the
weakened light squares in Black's position;} Qe6 30. Ng3 $5 f4 31. Bh7+ Kf7 32.
Bf5 Qd5 {although White should now avoid} 33. Rd1 $2 {due to the sharp reply}
b3 $1 34. axb3 Nb4)) 28... Ne6 29. Rd1 (29. exf5 Rxf5 30. Ng3 Rf7 31. Ng4 {
with a terrible threat of Qh2}) 29... Kh7 30. exf5 Rxf5 31. Ng3 {with a very
dangerous attack.}) 27. Rhc1 {[%emt 0:04:31]} f4 {[%emt 0:04:58]} 28. Bf2 {
[%emt 0:01:19]} Bf8 {[%emt 0:03:09]} 29. Ng4 $1 {[%emt 0:01:11]} Qxg5 {[%emt 0:
01:32]} 30. Rh1 {[%emt 0:02:15]} Qe7 {[%emt 0:00:50]} (30... Bxg4 31. Rg1 Qf6
32. Rxg4 {and Black's extra pawn is scant consolation for his miserable
position. Ideas of Nxf4 are firmly in the air.}) 31. Bxb5 {[%emt 0:04:31]} Rxb5
{[%emt 0:00:36]} 32. Nxf4 $1 {[%emt 0:01:06]} Bxg4 {[%emt 0:01:29]} (32... exf4
{fails to the straightforward} 33. Bd4 $1 Bg7 34. Bxg7 Qxg7 35. Nh6+ Kf8 36.
Qxf4+ Ke8 37. Rxd6 {with overwhelming threats. Qg5 is coming.}) 33. Nxg6 {
[%emt 0:00:58]} Qf6 {[%emt 0:00:32]} 34. Nxf8 {[%emt 0:01:58]} Rxf8 {[%emt 0:
00:48]} 35. Rg1 {[%emt 0:00:35]} Qxf3 {[%emt 0:00:47]} 36. Qg5+ {[%emt 0:00:34]
} Kf7 {[%emt 0:00:35]} 37. Rxg4 {[%emt 0:00:58]} Ke8 {[%emt 0:00:52]} 38. Qg6+
{[%emt 0:01:01]} Qf7 {[%emt 0:00:32] Now with White on the verge of victory,
begins a comedy of errors.} 39. Qxf7+ $2 {[%emt 0:00:54]} (39. Qxd6 $1 {
and the computer gives forced mate. Presumably both flags were hanging at this
moment, which is the only explanation for White not executing this very
obvious move.} Rb8 40. Qxe5+ $18) 39... Rxf7 {[%emt 0:00:34]} 40. Be3 $4 {
[%emt 0:00:00] But this is really bad, putting the win in serious doubt.} (40.
Rg8+ $1 Kd7 (40... Ke7 41. Bh4+ Kd7 42. Rd8#) 41. Rxa6 {and Black will resign,
as taking the bishop on f2 allows mate.}) 40... Nc5 {[%emt 0:00:00]} 41. Rg8+ {
[%emt 0:00:00]} Kd7 {[%emt 0:00:00]} 42. Ra8 {[%emt 0:00:00] White is still
better here, as he is much more active and all of Black's queenside pawns are
vulnerable.  However from a psychological perspective it is very difficult to
calm down and recover from the blow of knowing you were only one or two moves
away from your opponent's handshake, and try to win the game again.  Perhaps
unsurprisingly the game peters out to a draw.} Rb7 {[%emt 0:00:00]} 43. Bxc5 {
[%emt 0:00:00]} (43. Bg5 $1 Rf1+ 44. Kc2 Rf2+ 45. Kd1 Ne6 46. dxe6+ Kxc6 47. e7
Rxe7 48. Bxe7 Rxb2 49. Rxa5 b3 $1 50. a3 $1 Rf2 51. Kc1 {and White must be
winning.}) 43... dxc5 {[%emt 0:00:00]} 44. Rxc5 $2 {[%emt 0:01:08] The wrong
pawn to take.} (44. Rxa5 $1 Rf1+ 45. Kc2 b3+ 46. axb3 Rf2+ 47. Kc3 Rf3+ 48. Kc4
Rfxb3 49. Rh6 $1 Rxb2 50. Rh7+ Kd6 51. Rxb7 Rxb7 52. Ra6+ Kd7 53. Kxc5 {
and White is winning as the Black e-pawn will surely drop as well.}) 44... Rf1+
$1 {[%emt 0:00:00]} 45. Rc1 {[%emt 0:01:22]} (45. Kc2 b3+ $1 46. axb3 Rf2+ {
creates irritating counterplay.}) 45... Rxc1+ {[%emt 0:00:00]} 46. Kxc1 {
[%emt 0:00:31]} b3 $1 {[%emt 0:00:00]} 47. a3 {[%emt 0:00:33]} Rc7+ {[%emt 0:
00:00]} 48. Kd2 {[%emt 0:00:34]} Rc2+ {[%emt 0:07:30]} 49. Kd3 {[%emt 0:00:35]}
Rxb2 {[%emt 0:00:34]} 50. Rxa5 {[%emt 0:00:34]} Rh2 {[%emt 0:00:55]} 51. Rb5 {
[%emt 0:02:27]} Rh3+ {[%emt 0:04:30]} 52. Kd2 {[%emt 0:05:06]} Kd6 {[%emt 0:01:
48]} 53. a4 {[%emt 0:05:34]} Rh2+ {[%emt 0:00:42]} 54. Kc3 {[%emt 0:00:56]}
Rh3+ {[%emt 0:00:52]} 55. Kd2 {[%emt 0:01:21]} (55. Kb2 Re3 $1 56. Rb4 Kc5 $11)
55... Rh2+ {[%emt 0:00:41]} 56. Kc3 {[%emt 0:00:37]} Rh3+ {[%emt 0:00:32]} 57.
Kc4 {[%emt 0:02:05]} Re3 $11 {[%emt 0:00:37]} 58. Rb6+ {[%emt 0:00:34]} Kc7 {
[%emt 0:04:45]} 59. Rxb3 {[%emt 0:00:52]} Rxe4+ {[%emt 0:00:31]} 60. Kc5 {
[%emt 0:00:00]} Rxa4 {[%emt 0:00:00]} 61. d6+ {[%emt 0:00:00]} Kd7 {[%emt 0:00:
00]} 62. Rb7+ {[%emt 0:00:00]} Ke6 {[%emt 0:00:00]} 63. Re7+ {[%emt 0:00:00]}
Kf5 {[%emt 0:00:00]} 64. d7 {[%emt 0:01:24]} Rd4 {[%emt 0:00:00]} 65. Kc6 {
[%emt 0:00:04]} e4 {[%emt 0:00:00]} 66. Re8 {[%emt 0:01:17]} Kf4 {[%emt 0:00:
00]} 67. d8=Q {[%emt 0:00:38]} Rxd8 {[%emt 0:00:00]} 68. Rxd8 {[%emt 0:00:05]}
e3 {[%emt 0:00:00]} 69. Kd5 {[%emt 0:00:21]} e2 {[%emt 0:00:00]} 70. Re8 {
[%emt 0:00:07]} Kf3 {[%emt 0:00:00]} 71. Kd4 {[%emt 0:00:04]} Kf2 {[%emt 0:00:
00]} 72. Kd3 {[%emt 0:00:03]} e1=Q {[%emt 0:00:00]} 73. Rxe1 {[%emt 0:00:06]}
Kxe1 74. Kd4 1/2-1/2

[Event "Khanty-Mansiysk FIDE GP"]
[Site "Khanty-Mansiysk"]
[Date "2015.05.16"]
[Round "3"]
[White "Grischuk, Alexander"]
[Black "Vachier Lagrave, Maxime"]
[Result "1/2-1/2"]
[WhiteElo "2780"]
[BlackElo "2754"]
[Annotator "Ftacnik,L"]
[PlyCount "83"]
[EventDate "2015.05.14"]
[EventType "tourn"]
[EventRounds "11"]
[EventCountry "RUS"]
[EventCategory "21"]
[SourceTitle "CBM 167"]
[Source "ChessBase"]
[SourceDate "2015.07.13"]
[SourceVersion "1"]
[SourceVersionDate "2015.07.13"]
[SourceQuality "1"]

1. e4 {[%emt 0:00:06]} c5 {[%emt 0:00:03]} 2. Nf3 {[%emt 0:00:08]} d6 {[%emt 0:
00:02]} 3. d4 {[%emt 0:00:05]} cxd4 {[%emt 0:00:04]} 4. Nxd4 {[%emt 0:00:06]}
Nf6 {[%emt 0:00:05]} 5. f3 {[%emt 0:00:04]} e5 {[%emt 0:03:59]} 6. Nb3 {
[%emt 0:01:47]} d5 $5 {[%emt 0:01:54] Black is meeting the modest idea of 5.f3
with the most radical central advance. White has to live with the consequences
of lesser control of the d5-square.} 7. Bg5 {[%emt 0:02:13]} d4 {[%emt 0:00:07]
White would have a hard time trying to prove, that Black is not holding the
balance after both alternatives to the text move. Personally I believe that 7..
.Be6 can be played with full confidence by Black.} (7... dxe4 8. Qxd8+ Kxd8 9.
fxe4 Nbd7 10. Bc4 Ke8 11. O-O Nb6 12. Bd3 Be7 13. Nc3 a6 14. Be3 Nbd7 15. Bc4
b5 16. Bd5 Nxd5 17. Nxd5 Bd8 18. a4 bxa4 19. Rxa4 $14 {0-1 (50) Horvath,T 
(2386)-Beikert,G (2420) Germany 2015}) (7... Be6 8. Bxf6 gxf6 9. exd5 Qxd5 10.
Qxd5 Bxd5 11. Nc3 Be6 12. O-O-O (12. Nb5 Na6 13. c3 Ke7 14. Rd1 Bh6 15. Nd6 Nc7
16. Na5 Nd5 (16... Rhd8 17. Naxb7 Rd7 18. Bd3 Ne8 19. Nxe8 Rxb7 20. Be4 Rab8
21. Bxb7 Rxb7 22. Nd6 Rxb2 23. O-O $11) 17. Rxd5 Bxd5 18. Nf5+ Ke8 19. Nxh6 $16
{1-0 (56) Sadikhov,U (2414)-Oganisjan,R (2304) Moscow 2015}) 12... Nc6 13. Bb5
a6 14. Bxc6+ bxc6 15. Ne4 f5 16. Nd6+ Ke7 17. Na5 Kf6 18. Nxc6 Rg8 19. g3 a5
20. Rhe1 Bxd6 21. Rxd6 Ra6 22. Rxe5 $18 {1-0 (50) Yildiz,B (2318)-Annaberdiev,
M (2432) Cesme 2015}) 8. c3 {[%emt 0:00:11]} Nc6 {[%emt 0:04:30]} 9. cxd4 {
[%emt 0:03:36][%mdl 4] The games played with the immediate move 9.Bb5 are very
interesting. Black often sacrifices the d4-pawn for the initiative, but
White's chances should remain somewhat better. The current battle of the two
top players indicates, that the direct exchange on d4 is making life easier
for the defender.} (9. Bb5 h6 (9... Qb6 10. Bxc6+ (10. Qd3 Be7 11. cxd4 O-O 12.
Bxc6 bxc6 13. dxe5 Ng4 14. Bxe7 Qf2+ 15. Kd1 Qxg2 16. fxg4 Bxg4+ 17. Kc1 Qxh1+
18. Kc2 Qxh2+ 19. N1d2 Rfe8 20. Bd6 $14 {1/2 (33) Drozdowski,K (2458)-Robson,R
(2628) Las Vegas 2014}) 10... bxc6 11. cxd4 Ba6 12. dxe5 (12. Na3 Rd8 13. Bd2
exd4 14. Ba5 Bb4+ 15. Bxb4 Qxb4+ 16. Qd2 Qb6 17. Rc1 O-O 18. Qa5 Rd6 19. Kf2
Nd7 20. Rhd1 c5 $15 {1-0 (45) Panarin,M (2558)-Smirnov,A (2453) Sochi 2015})
12... Nd7 (12... Rd8 13. Qc1 h6 14. Be3 Qb5 15. Qc2 Nd7 16. f4 Bb4+ 17. Nc3
Bxc3+ 18. bxc3 c5 19. Rb1 Qc4 20. Na5 $18 {1-0 (55) Khavin,A-Veresov,G Moscow
1944}) 13. Qd4 (13. Qd2 Nxe5 14. Be3 Qc7 15. Kf2 Bd6 16. g3 O-O 17. Qa5 Qxa5
18. Nxa5 f5 19. Kg2 fxe4 20. fxe4 Ng4 21. Re1 Bb4 {0-1 (21) Nieto,E (2332)
-Piceu,T (2350) Belgium 2010}) 13... Qxd4 14. Nxd4 Nxe5 15. Kd2 h6 16. Bh4 g5
17. Bg3 Bg7 18. Na3 O-O-O 19. Kc3 Nxf3 20. gxf3 Rxd4 {0-1 (20) Kraus,T (2402)
-Navara,D (2751) Havlickuv Brod 2015}) (9... Be6 10. cxd4 Bxb3 (10... Bb4+ 11.
N1d2 Qb6 12. Bxc6+ bxc6 13. O-O exd4 14. Rc1 Nd7 15. f4 Bxd2 16. Nxd2 f6 17.
Bh4 O-O 18. Nc4 Bxc4 19. Rxc4 c5 20. b4 Qe6 21. Qe2 $11 {1/2 (33) Koch,B-Van
Scheltinga,T Helsinki 1952}) 11. Qxb3 Qxd4 12. Be3 Bb4+ (12... Qb4+ 13. Nc3
Qxb3 14. axb3 a6 15. Nd5 Rc8 16. Nb6 Rc7 17. Ba4 Bb4+ 18. Kf2 O-O 19. Rac1 Rd8
20. Rc2 h6 21. Rhc1 $14 {1/2 (97) Paehtz,E (2331)-Kosteniuk,A (2459) Mainz 2002
}) 13. Nd2 (13. Kf2 Qd6 14. Rd1 Qe7 15. Nc3 O-O 16. Bxc6 bxc6 17. Na4 Nh5 18.
Qc4 Nf4 19. Nc5 Bxc5 20. Bxc5 Qh4+ 21. Kg1 Rfd8 $11 {1-0 (53) Gasanov,E (2369)
-Cherevatenko,R (2410) Kharkov 1999}) 13... Bxd2+ 14. Bxd2 O-O 15. Bxc6 bxc6
16. Be3 Qd7 17. O-O Rab8 18. Qc3 Qc7 19. Rac1 Rfc8 20. Rf2 $16 {1-0 (27)
Mastrovasilis,D (2559)-Chocenka,D (2306) Warsaw 2007}) (9... Bd7 10. cxd4 exd4
11. Bxc6 Bxc6 12. Qxd4 Be7 13. Qxd8+ Rxd8 14. Nc3 b6 15. Be3 O-O 16. Nd4 Bd7
17. O-O-O Rc8 18. Kb1 Bb4 19. Nce2 Rfd8 20. Nc2 Be7 21. Nc3 $16 {1-0 (56)
Pantani (2389)-Connor (2382) playchess.com INT 2006}) 10. Bh4 (10. Bxf6 Qxf6
11. cxd4 Bb4+ 12. Nc3 O-O 13. O-O (13. Bxc6 bxc6 14. dxe5 Qxe5 15. Qd4 Qe7 16.
a3 Bd6 17. O-O-O Bf4+ 18. Kc2 Rb8 19. Nc5 Be6 20. g3 Be5 21. Qe3 Bd6 $11 {
0-1 (56) Hartman,C (2210)-De Firmian,N (2515) Copenhagen 1984}) 13... Nxd4 14.
Nd5 Qd6 15. Nxb4 (15. Nxd4 Bc5 16. Kh1 Bxd4 17. Qe2 Be6 18. Bc4 Rac8 19. Bb3
Qc5 20. Qd2 Kh8 $15 {1/2 (57) Bruzon Batista,L (2664)-Cheparinov,I (2681)
Tromso 2014}) 15... Qxb4 16. Nxd4 Rd8 17. Qe2 Qxd4+ 18. Kh1 Be6 19. Rfd1 Qb4
20. b3 Rac8 $15 {0-1 (33) Blazeka,M (2276)-Saric,A (2573) Zagreb 2015}) 10...
Qb6 11. Bc4 (11. Bxc6+ bxc6 12. cxd4 exd4 (12... Bb4+ 13. N1d2 Ba6 14. Bf2 exd4
15. Bxd4 c5 16. Be3 Rd8 17. Kf2 Rd3 18. Re1 O-O 19. a3 Bxd2 20. Nxd2 Qxb2 21.
Qc1 Qe5 $15 {0-1 (36) Kasparov,S (2470)-Kobese,W (2343) Cape Town 2013}) 13.
Qxd4 c5 14. Qe3 Ba6 15. Nc3 g5 16. e5 Qe6 17. Bf2 Nd7 18. O-O-O Rc8 19. Kb1 Be7
20. Nd5 Bd8 21. Nf6+ Nxf6 22. exf6 Qxe3 23. Bxe3 $16 {1-0 (34) Ding,Y (2433)
-Wang,J (2369) Xinghua 2015}) 11... Be7 12. cxd4 O-O 13. O-O Rd8 14. Bf2 exd4
15. N1d2 Qc7 16. Rc1 Bd6 17. g3 Qe7 18. Re1 Be5 19. Bd3 Bh3 20. Nc4 Bc7 21. Qe2
$14 {1/2 (44) Oleksienko,M (2629)-Yilmaz,M (2570) Iasi 2015}) 9... exd4 {
[%emt 0:07:36]} (9... Bb4+ 10. Nc3 exd4 11. a3 Be7 12. Nb5 O-O 13. N3xd4 (13.
Bf4 Nh5 14. Bc7 Qd7 15. N3xd4 a6 16. Nxc6 Qxc6 17. Rc1 Qh6 $11) 13... Qb6 14.
Be3 Rd8 15. Qd2 Bc5 16. Rd1 Nxe4 17. fxe4 Bg4 18. Be2 Bxe2 19. Kxe2 Rd7 20. b4
Bxd4 21. Nxd4 Rad8 22. Qc2 Nxd4+ 23. Rxd4 Rxd4 24. Bxd4 Rxd4 25. Rd1 Rxd1 26.
Qxd1 $11 {1/2 (32) Oleksienko,M (2620)-Cheparinov,I (2684) Doha 2014}) 10. Bb5
{[%emt 0:11:51]} Bb4+ $1 {[%emt 0:00:19]} 11. Bd2 {[%emt 0:02:46] The
unpleasant check on b4 forces Grischuk to make one of the moves that ate not
very desirable for White.} (11. N1d2 Be6 12. O-O Qb6 13. Bc4 (13. Bxf6 gxf6 14.
Bxc6+ bxc6 15. Rc1 O-O-O $11) 13... Bxd2 14. Nxd2 O-O $11) 11... Bd6 {[%emt 0:
01:49]} (11... Bxd2+ $6 12. Qxd2 O-O 13. Bxc6 bxc6 14. Qxd4 Qc7 15. O-O $16)
12. Na3 {[%emt 0:19:52] The burden of experience and genuine strength is
preventing White from seeking luck in the more enterprising line with 12.Nxd4.
Every great player knows that the opening phase should be devoted to the art
of developing pieces.} (12. Nxd4 O-O 13. Be3 Nxd4 14. Qxd4 Qc7 15. Nc3 Be6 $11)
12... O-O {[%emt 0:08:20]} 13. Nc4 {[%emt 0:03:38]} (13. Bxc6 bxc6 14. Ba5 Qe7
15. Qxd4 Be5 $1 (15... c5 16. Qd3 Be5 17. O-O-O $14) 16. Bb4 Bxd4 17. Bxe7 Bxb2
18. Rb1 Bc3+ 19. Kf2 Re8 $11) 13... Be6 {[%emt 0:15:11] Vachier Lagrave is
fully mobilised and his d pawn is not especially vulnerable. White decides to
minimise the danger and bring the king to safety.} 14. Nxd6 {[%emt 0:05:10]} (
14. Rc1 Nb4 15. Nxd6 Qxd6 16. a3 Na2 17. Ra1 a6 $11) 14... Qxd6 {[%emt 0:00:07]
} 15. O-O {[%emt 0:00:18]} a6 {[%emt 0:18:56]} 16. Bxc6 {[%emt 0:07:03]} bxc6 {
[%emt 0:00:25]} 17. Rc1 {[%emt 0:03:17]} (17. Qc2 Nd7 18. Rfc1 Rfc8 19. Nc5 a5
20. Be1 a4 $11) 17... Nd7 {[%emt 0:07:28]} 18. Nc5 $5 {[%emt 0:02:55] Apart
from the moral obligation of top players to play interesting chess, White has
every right to make use of even the smallest chance in the fight for the
advantage.} Nxc5 $6 {[%emt 0:00:08] The French star is feeling the heat and
fails to choose one of the more promising lines at the critical moment.} (18...
a5 19. Nxd7 Qxd7 20. Qa4 Rab8 21. b3 Rb5 $11) (18... Bxa2 $5 19. Nb7 Qe6 20.
Bf4 c5 21. Nxc5 Nxc5 22. Rxc5 Bc4 23. Re1 d3 $11) 19. Bb4 {[%emt 0:00:05]} Rfd8
{[%emt 0:00:10]} 20. Bxc5 {[%emt 0:02:42]} Qb8 {[%emt 0:03:10]} 21. b3 {
[%emt 0:08:15]} a5 {[%emt 0:06:55]} 22. Rf2 {[%emt 0:02:15]} Qb5 {[%emt 0:03:
18]} 23. Rd2 {[%emt 0:08:09]} a4 $1 {[%emt 0:00:15] Counterplay is called upon
to be the best defence, Black knows how to fight back.} 24. Bxd4 {[%emt 0:00:
38] Grischuk blinks at the critical moment, his advantage will be minimised.
With hindsight White would surely play the more ambitious 24.b4!? and the
defender would learn to regret his decision on the 18th move.} (24. b4 $5 f6 (
24... a3 25. Rcc2 d3 26. Rc3 $14) 25. f4 Rd7 26. a3 $14) 24... axb3 {[%emt 0:
01:33]} 25. axb3 {[%emt 0:00:02]} Bxb3 {[%emt 0:04:30]} 26. Qe1 {[%emt 0:03:49]
} f6 {[%emt 0:02:58]} 27. Qe3 {[%emt 0:03:05]} (27. h3 Ra2 28. Rxa2 Bxa2 29.
Qc3 Qa4 30. Bc5 $14) 27... Ra2 $1 {[%emt 0:05:04] Exchanging off the enemy's
potential attacking pieces can hardly be wrong, Black is doing a good job of
sailing closer towards equality.} 28. Rxa2 {[%emt 0:01:28]} (28. Rd3 Bf7 29.
Rcd1 c5 30. Bb2 Rxd3 31. Qxd3 Qxd3 32. Rxd3 Be6 $11) 28... Bxa2 {[%emt 0:00:09]
} 29. Qa3 {[%emt 0:04:29]} (29. h3 $5 Bf7 30. Kh2 $14) 29... Bf7 {[%emt 0:01:
54]} 30. h3 {[%emt 0:03:36]} h6 {[%emt 0:00:27]} 31. Qc3 {[%emt 0:01:10]} Qa4
$1 {[%emt 0:01:44] The attack of the bishop is connected with the real hope to
exchange rooks. The fight is over as Black managed to eliminate all dangers of
White's attack along the dark squares.} 32. Bf2 {[%emt 0:00:19]} Rd1+ {[%emt 0:
00:08]} 33. Rxd1 {[%emt 0:00:04]} Qxd1+ {[%emt 0:00:06]} 34. Kh2 {[%emt 0:00:
02]} Qd6+ {[%emt 0:01:04]} 35. Bg3 {[%emt 0:00:13]} Qe6 $11 {[%emt 0:00:06]}
36. Qd4 {[%emt 0:00:53]} Kh7 {[%emt 0:00:28]} 37. Bd6 {[%emt 0:00:52]} Qd7 {
[%emt 0:05:49]} 38. f4 {[%emt 0:03:39]} (38. g4 Qe6 $11) 38... f5 $1 {[%emt 0:
03:05] The final defensive touch, Black is holding on the light squares.} 39.
exf5 {[%emt 0:00:29]} (39. e5 Bd5 $11) 39... Qxf5 {[%emt 0:00:05]} 40. Be5 {
[%emt 0:00:00]} Bd5 {[%emt 0:00:00]} 41. Qa7 {[%emt 0:02:37]} (41. Bxg7 $4 Qg6
$19) 41... Qf7 {[%emt 0:01:18]} 42. Qxf7 1/2-1/2